| 000 | 00701 a2200205 4500 | ||
|---|---|---|---|
| 003 | Nust | ||
| 005 | 20221122095209.0 | ||
| 010 | _a 92213130 | ||
| 020 | _a0333577205 | ||
| 040 | _cNust | ||
| 082 | 0 | 0 | _a621.381,WIL |
| 100 | 1 | _aWilliams, B. W. | |
| 245 | 1 | 0 |
_aPower electronics : _bdevices, drivers, applications, and passive components / _cB.W. Williams. |
| 250 | _a2nd ed. | ||
| 260 |
_aNew York : _bMcGraw-Hill, _cc1992. |
||
| 300 |
_axvi, 542 p. : _bill. ; _c24 cm. |
||
| 505 | _aPart.1: Devices (Page-1), Part.2: Drivers (Page-123), Load Considerations (Page-125),Part.3: Applications (Page-251), Part.4: Passive Components (Page-403). | ||
| 650 | 0 | _aPower electronics. | |
| 942 |
_2ddc _cBK |
||
| 999 |
_c181888 _d181888 |
||